000 00878nam a2200241Ia 4500
001 8786
003 GE_BSU
008 181216s||||||||xx |||||||||||||| ||und||
040 _cGE_BSU
080 _a821.353.1–32
100 _aკლდიაშვილი,დავით
245 _aთხზულებათა სრული კრებული. ორ ტომად. ტ.1
245 _bტ.1
245 _cწინასიტყვ. ავტ. ს. ჭილაია
260 _aთბილისი
260 _bსაბჭ.მწერალი
260 _c1952
300 _a392გვ.23სმ.
300 _b1 ფ. პორტრ.
300 _eგვ.367-375 დავით კლდიაშვილის ლექსიკონი
653 _aთხზულებათა სრული კრებული
942 _cBK
999 _c42096
_d42096